• 首页
  • 本馆介绍
  • 公告通知
  • 最新文献
  • 馆藏检索
  • 电子资源
  • 读者导购
  • 参考咨询
  • 我的图书馆
  • 登录
  • 详细信息显示
  • 放入我的书架
  • 预约/预借图书
  • 作者相关作品
  • 分类相关作品
  • 丛书相关作品
  • 出版社相关作品

书目信息

  • 表格格式
  • 工作单格式
  • 卡片格式
题名:
新时期典范新闻导读
    
 
作者: 叶同春 主编
分册:  
出版信息: 北京   人民日报出版社  2002
页数: 594页
开本: 20cm
丛书名: 记者文集
单 册:
中图分类: I207.5
科图分类:
主题词: 新闻--作品集--中国--当代 , 新闻--作品--文学评论--中国--当代
电子资源:
ISBN: 7-80153-554-5
000 00778nam0 2200253 45
001 0408071771
005 20040807172705.2
010    @a7-80153-554-5@dCNY36.00
100    @a20040807d2002 km y0chiy0120 ea
101 0  @achi
105    @a z 000yy
200 1  @a新时期典范新闻导读@AXin Shi Qi Dian Fan Xin Wen Dao Du@e1978-2000@f叶同春主编@FYe Tong Chun Zhu Bian
210    @a北京@c人民日报出版社@d2002
215    @a594页@d20cm
225    @a记者文集@f周文华主编
410    @12001 @a记者文集
410    @1700 0@a周文华@AZhou Wen Hua@4主编
517    @a1978-2000
606 0  @a新闻@x作品集@y中国@z当代
606 0  @a新闻@x作品@x文学评论@y中国@z当代
690    @aI207.5@v4
701  0 @a叶同春@4主编
801    @aCN@bTSTCL@c20040807
905    @b335170-174@dI207.5@e400@f5
    
    新时期典范新闻导读:1978-2000/叶同春主编.-北京:人民日报出版社,2002
    594页;20cm.-(记者文集/周文华主编)
    
    
    ISBN 7-80153-554-5:CNY36.00
    
●
相关链接 在E读中查询图书 在五车中查询图书 在当当中查询图书 在豆瓣中查询图书


正题名:新时期典范新闻导读     索取号:I207.5/400         预约/预借

序号 登录号 条形码 馆藏地/架位号 状态 备注
1 0335170   203351700   第二借阅区/ [索取号:I207.5/400] 在馆    
2 0335171   203351719   第二借阅区/ [索取号:I207.5/400] 在馆    
3 0335172   203351728   第二借阅区/ [索取号:I207.5/400] 在馆    
4 0335173   203351737   第二借阅区/ [索取号:I207.5/400] 在馆    
5 0335174   203351746   第一样本阅览室/ [索取号:I207.5/400] 在馆    
唐山师范学院图书馆 欢迎您!
大连网信软件有限公司© 版权所有